000 00365nam a2200133 i 4500
001 bg
100 1 _aPRZYŁĘCKA, Małgorzata
245 0 _aMateriałowo-technologiczne aspekty trwałości łożysk tocznych /
_cMałgorzata Przyłęcka.
260 _aPoznań,
_c1988.
040 _cBPK
041 _apol
942 _cKS
008 s pl f |000 0 pol
999 _c28756
_d28756
856 _uhttp://koha.tu.koszalin.pl/cgi-bin/koha/opac-detail.pl?biblionumber=28756
_yKatalog online BPK